| 000 | 00936cam a2200241 4500 | ||
|---|---|---|---|
| 001 | WB3701-41 | ||
| 008 | 000000n2000 000 0 eng u | ||
| 035 | _a(Sirsi) u110033 | ||
| 245 | _aEnglish job losses highlight farming crisis | ||
| 260 | _c2000 | ||
| 490 |
_aFinancial Times _v19 December 2000, 4(1) |
||
| 520 | _aAccording to the Ministry of Agriculture's annual census the labour force has dropped by 23,800 to 374,000, with more than 450 workers leaving farming in England each week. Meanwhile accountants Deloitte and Touche estimate that farming incomes have dropped 90% in five years. The sector's bank borrowings are reported to total £10bn. | ||
| 590 | _aWB | ||
| 650 | _aWORKFORCE | ||
| 650 | _aAGRICULTURAL WORKERS | ||
| 650 | _aEMPLOYMENT | ||
| 650 | _aLABOUR | ||
| 650 | _aRURAL AREAS | ||
| 650 | _aECONOMIC AND SOCIAL | ||
| 650 | _aFARMING | ||
| 690 | _aRURAL-FARM BUSINESS MANAGEMENT | ||
| 942 | _n0 | ||
| 999 |
_c65632 _d65632 |
||